00397nam a2200157Ia 4500003000900000008004100009040001600050080001200066100001900078245004400097250001200141260003200153300001500185650002500200650001400225IN-BaIIA211028s9999 xx 000 0 eng d cIIA Library a46bHOL aHolmyard, J. E 0aInorganic chemistrycEric John Holmyard a2nd ed. aLondonbEdward Arnoldc1949 axii, 576p. aAnalytical Chemistry aChemistry